Statystyki dla Dopasuj kontynent do miasta

Kliknij tutaj aby rozwiązać quiz!

Ogólne statystyki

  • Ten quiz został rozwiązany 119 razy
  • Średni wynik to 13 z 15

Statystyki odpowiedzi

MiastoKontynent% Poprawnych
DortmundEuropa
99%
GdyniaEuropa
98%
OsakaAzja
97%
QuitoAmeryka Południowa
95%
Santo DomingoAmeryka Północna
94%
LoméAfryka
93%
ChartumAfryka
93%
AbidżanAfryka
92%
HajdarabadAzja
91%
BoloniaEuropa
88%
FiladelfiaAmeryka Północna
85%
PerthAustralia
85%
WindhukAfryka
64%
AucklandOceania
51%
NgerulmudOceania
49%

Rozkład punktacji

Percentyl według liczby udzielonych odpowiedzi

Procent ludzi z każdym wynikiem

Twoja historia wyników

Nie rozwiązałeś tego quizu